书目信息 |
| 题名: |
基本粒子
|
|
| 作者: | 汤川秀树 著 ;张质贤 译 | |
| 分册: | ||
| 出版信息: | 北京 科学出版社 1975 |
|
| 页数: | 154页 | |
| 开本: | 19cm | |
| 丛书名: | ||
| 单 册: | ||
| 中图分类: | O512.2 | |
| 科图分类: | ||
| 主题词: | 基本粒子 , 低温物理学 | |
| 电子资源: | ||
| ISBN: | ||
| 000 | 00628nam0 2200241 45 | |
| 001 | 0175002977 | |
| 005 | 20060523101648.53 | |
| 010 | @d¥0.42 | |
| 100 | @a19951012d1975 em y0chiy0121 ea | |
| 101 | 1 | @achi |
| 102 | @aCN@b110000 | |
| 105 | @ay z 000yy | |
| 200 | 10 | @a基本粒子@Aji ben li zi@f(日)汤川秀树等著@g张质贤译 |
| 210 | @a北京@c科学出版社@d1975 | |
| 215 | @a154页@d19cm | |
| 606 | @a基本粒子 | |
| 606 | 0 | @a低温物理学 |
| 690 | @aO512.2@v3 | |
| 701 | 0 | @a汤川秀树@Atang chuan xiu shu@4著 |
| 702 | 0 | @a张质贤@Azhang zhi xian@4译 |
| 801 | 2 | @aCN@bNLC@c20060523 |
| 801 | 0 | @aCN@bTSSF |
| 905 | @a10447@dO512.2@e2 | |
| 基本粒子/(日)汤川秀树等著/张质贤译.-北京:科学出版社,1975 |
| 154页;19cm |
| ISBN :¥0.42 |
| ● |
| 相关链接 |
|
|
|
|
正题名:基本粒子
索取号:O512.2/2
 
预约/预借
| 序号 | 登录号 | 条形码 | 馆藏地/架位号 | 状态 | 备注 |
| 1 | 0012403 | 202391777 | 密集书库/ [索取号:O512.2/2] | 在馆 |